<?xml version="1.0" encoding="UTF-8"?>
<marc:record xmlns:marc="http://www.loc.gov/MARC21/slim">
   <marc:leader>00000nam a2200000 a 4500</marc:leader>
   <marc:datafield ind1="1" ind2=" " tag="100">
      <marc:subfield code="a">Steffensmeier, Alexander</marc:subfield>
      <marc:subfield code="4">aut</marc:subfield>
      <marc:subfield code="e">Verfasser/-in</marc:subfield>
   </marc:datafield>
   <marc:datafield ind1="0" ind2="0" tag="245">
      <marc:subfield code="a">Lieselotte auf großer Fahrt</marc:subfield>
   </marc:datafield>
   <marc:datafield ind1="0" ind2="0" tag="245">
      <marc:subfield code="b">mit Liedertexten</marc:subfield>
   </marc:datafield>
   <marc:datafield ind1=" " ind2="1" tag="264">
      <marc:subfield code="b">FISCHER KJB</marc:subfield>
      <marc:subfield code="c">2026</marc:subfield>
   </marc:datafield>
   <marc:datafield ind1="1" ind2=" " tag="490">
      <marc:subfield code="a">Lieselotte</marc:subfield>
   </marc:datafield>
   <marc:datafield ind1="1" ind2=" " tag="520">
      <marc:subfield code="a">Eine Bilderbuchgeschichte voller Musik mit Lieselotte und ihren Freunden. Ein Bilderbuch zum Vorlesen und Musikhören für alle Lieselotte-Fans ab 4 Jahren

Die Bäuerin auf Lieselottes Bauernhof ist urlaubsreif. Mit dem Wohnwagen will sie ein paar Tage verreisen. Der Postbote passt solange gut auf den Hof und die Tiere auf. Lieselotte aber möchte unbedingt mit! Heimlich quetscht sie sich in den engen Wohnwagen. Als der Traktor, der den Wohnwagen zieht,  mal wieder eine Panne hat, will die Bäuerin den Werkzeugkasten holen - dabei entdeckt sie die blinde Passagierin. Ärgerlich darüber ist die Bäuerin nicht sehr lange, schließlich macht Urlaub zu zweit mehr Spaß. Auch wenn sie gar nicht weit gekommen sind.

Die Bananafishbones haben zu der Geschichte 6 fetzige Lieder komponiert, die aus dem Buch ganz einfach per QR-Code heruntergeladen werden können.

Ein neues Musikbilderbuch mit Lieselotte
Mit 6 Songs von den Bananafishbones zum Herunterladen per QR-Code und allen Liedtexten im Buch
Gut gelaunt mit Lieselotte: Zum Vorlesen, Mitschmettern und Hüftenschwingen - für die ganze Familie[Verlagstext]</marc:subfield>
   </marc:datafield>
   <marc:datafield ind1=" " ind2=" " tag="020">
      <marc:subfield code="a">9783737376129</marc:subfield>
      <marc:subfield code="9">9783737376129</marc:subfield>
   </marc:datafield>
</marc:record>
